01887cam a22004574i 4500003000900000005001700009008004100026035001900067035001900086040003300105082001800138100003300156245025800189264009700447300003900544336002100583337002500604338002300629490006300652505025500715526001000970526001000980526000900990526000900999526000901008526000901017526000901026526000901035526000901044526000801053526000801061526000801069526000801077526000801085650006201093650005501155651005801210700004501268700003901313710007701352PE-LiUPU20250731165548.0150625s r 000 0 d a(Sirsi) a34265 a(Sirsi) a34265 aPE-LiUPUbspacPE-LiUPUerda04a985.04bD2211 aDunbar Temple, Ella,eautor.10aConspiraciones y rebeliones en el siglo XIX :nVolumen 2.bLa revolución de Huánuco Panatahuas y Huamalies de 1812 /cinvestigación, recopilación y prólogo por Ella Dunbar Temple; transcripción paleográfica por Sócrates Villar Córdova. 1aLima :bComisión Nacional del Sesquicentenario de la Independencia del Perú,c1971-1974. a797 páginas ;c24 centímetros. atext2rdacontent aunmediated2rdamedia avolume2rdacarrier0 aColección Documental de la Independencia del Perú ;v3 aDocumentos sobre los sucesos de la insurrección de Huánuco, Panataguas y Huamalíes. Invasión de la ciudad de Huánuco, acciones bélicas y debelaciones del movimiento por el ejército pacificador al mando de don José Gonzáles de Prada. aSEG44 aSEG26 aP151 aP150 aP149 aP146 aP145 aP126 aP125 aP92 aP75 aP74 aP27 aP1504aRevolución de Huánuco, Panatahuas y Humalíes, 1812.04aMovimientos socialeszPerúxHistoriaySiglo XIX. aPerúxHistoriayEmancipación, 1808-1824vFuentes.1 aTemple, Ella Dunbar,d1917-1998,erecop.1 aVillar Córdova, Sócrates1926-.2 a.Comisión Nacional del Sesquicentenario de la Independencia del Perú